| 000 | 00600nam a22001817a 4500 | ||
|---|---|---|---|
| 003 | AUA.1 | ||
| 005 | 20251118183733.0 | ||
| 008 | 250709b |||||||| |||| 00| 0 eng d | ||
| 040 | _cJTL | ||
| 100 | _aMoyo, Nkanyiso | ||
| 245 |
_aExploring the covenantal promise of priesthood in Exodus 19:6 : _bA comparative study of the Sinai and pre-Sinai priesthood / _cNkanyiso Moyo. |
||
| 260 | _cc2025. | ||
| 300 |
_av,66 leaves : _bIllustrations : _c30cm. |
||
| 650 | _aCovenant theology | ||
| 650 |
_aPriesthood _921942 |
||
| 690 | _aExodus 19:6 | ||
| 942 |
_2aua _cPROJECT _hMABTS _i.M69 2025 |
||
| 999 |
_c25165 _d25165 |
||